[Event "Blitz 2018"]
[Site "Saint-Petersburg"]
[Date "2018.12.30"]
[Round "21"]
[Board "85"]
[White "Pogosyan Stefan (RUS)"]
[Black "Teske Henrik (GER)"]
[Result "1-0"]
[LiveChessVersion "1.4.8"]
[BlackElo "2565"]
[WhiteElo "2330"]

1. d4 {[%clk 0:03:03]} Nf6 {[%clk 0:03:00]} 2. c4 {[%clk 0:03:05]} g6
{[%clk 0:03:00]} 3. Nc3 {[%clk 0:03:06]} Bg7 {[%clk 0:03:01]} 4. Nf3
{[%clk 0:03:06]} O-O {[%clk 0:03:02]} 5. g3 {[%clk 0:03:07]} c5 {[%clk 0:03:02]}
6. d5 {[%clk 0:03:08]} d6 {[%clk 0:03:02]} 7. Bg2 {[%clk 0:03:09]} a6
{[%clk 0:03:01]} 8. a4 {[%clk 0:03:05]} e6 {[%clk 0:02:58]} 9. O-O
{[%clk 0:03:04]} exd5 {[%clk 0:02:59]} 10. cxd5 {[%clk 0:03:05]} Nbd7
{[%clk 0:02:59]} 11. Nd2 {[%clk 0:02:58]} Re8 {[%clk 0:02:57]} 12. Nc4
{[%clk 0:02:56]} Ne5 {[%clk 0:02:53]} 13. Nxe5 {[%clk 0:02:53]} Rxe5
{[%clk 0:02:53]} 14. e4 {[%clk 0:02:50]} Re8 {[%clk 0:02:51]} 15. Re1
{[%clk 0:02:36]} Rb8 {[%clk 0:02:47]} 16. a5 {[%clk 0:02:37]} Ng4
{[%clk 0:02:44]} 17. h3 {[%clk 0:01:46]} Ne5 18. Qe2 {[%clk 0:01:47]} c4
{[%clk 0:02:43]} 19. Be3 {[%clk 0:01:38]} Nd3 {[%clk 0:02:40]} 20. Red1
{[%clk 0:01:28]} f5 21. Ba7 {[%clk 0:01:29]} Ra8 {[%clk 0:02:40]} 22. Bb6
{[%clk 0:01:15]} Qf6 {[%clk 0:02:28]} 23. Ra4 {[%clk 0:01:09]} fxe4
{[%clk 0:02:26]} 24. Rxc4 {[%clk 0:00:44]} Bf5 25. Nxe4 {[%clk 0:00:44]} Bxe4
{[%clk 0:02:25]} 26. Rxe4 {[%clk 0:00:44]} Rxe4 {[%clk 0:02:23]} 27. Qxe4
{[%clk 0:00:36]} Nxb2 28. Rc1 {[%clk 0:00:37]} Rf8 {[%clk 0:02:20]} 29. Qe6+ Kh8
30. Qxf6 {[%clk 0:00:38]} Bxf6 {[%clk 0:02:18]} 31. Rc7 Nd3 {[%clk 0:02:12]} 32.
Rxb7 {[%clk 0:00:37]} Nc5 {[%clk 0:02:13]} 33. Bxc5 {[%clk 0:00:18]} dxc5
{[%clk 0:02:13]} 34. f4 Bd8 35. Ra7 {[%clk 0:00:17]} Bxa5 {[%clk 0:02:13]} 36.
Rxa6 {[%clk 0:00:18]} Be1 {[%clk 0:02:10]} 37. Kh2 {[%clk 0:00:16]} Rd8
{[%clk 0:02:09]} 38. Re6 {[%clk 0:00:14]} Bb4 {[%clk 0:02:07]} 39. Re4 Kg7 40.
Re7+ {[%clk 0:00:15]} Kh8 {[%clk 0:02:03]} 41. Rc7 Rd6 {[%clk 0:01:55]} 42. h4
{[%clk 0:00:17]} Kg8 {[%clk 0:01:54]} 43. Bh3 {[%clk 0:00:17]} h6
{[%clk 0:01:50]} 44. Be6+ {[%clk 0:00:18]} Kh8 {[%clk 0:01:49]} 45. Kg2
{[%clk 0:00:15]} Ra6 {[%clk 0:01:45]} 46. Kf3 {[%clk 0:00:13]} Ra3+
{[%clk 0:01:44]} 47. Ke4 {[%clk 0:00:12]} Rxg3 {[%clk 0:01:39]} 48. d6
{[%clk 0:00:14]} c4 {[%clk 0:01:33]} 49. d7 {[%clk 0:00:14]} Ba5 {[%clk 0:01:33]}
50. Rxc4 {[%clk 0:00:07]} Kg7 {[%clk 0:01:34]} 51. Rc8 {[%clk 0:00:06]} Kf6
{[%clk 0:01:33]} 52. Bd5 {[%clk 0:00:03]} Rg4 {[%clk 0:01:29]} 53. d8=Q+
{[%clk 0:00:03]} Bxd8 {[%clk 0:01:30]} 54. Rxd8 {[%clk 0:00:05]} g5
{[%clk 0:01:26]} 55. Rf8+ {[%clk 0:00:06]} Ke7 56. Rf7+ Kd6 {[%clk 0:01:27]} 57.
Rf6+ {[%clk 0:00:08]} Ke7 {[%clk 0:01:28]} 58. Ke5 {[%clk 0:00:09]} Rxf4
{[%clk 0:01:20]} 59. Re6+ {[%clk 0:00:09]} Kf8 {[%clk 0:01:21]} 60. h5
{[%clk 0:00:10]} Rh4 {[%clk 0:01:20]} 61. Rxh6 {[%clk 0:00:11]} Rh2
{[%clk 0:01:18]} 62. Kf5 {[%clk 0:00:07]} Kg7 {[%clk 0:01:17]} 63. Rg6+
{[%clk 0:00:09]} Kh7 {[%clk 0:01:15]} 64. Bg8+ {[%clk 0:00:08]} Kh8
{[%clk 0:01:17]} 65. Be6 {[%clk 0:00:06]} Rxh5 66. Kf6 Rh1 {[%clk 0:01:16]} 67.
Rg8+ {[%clk 0:00:09]} Kh7 {[%clk 0:01:18]} 68. Ra8 {[%clk 0:00:10]} Rh6+
{[%clk 0:01:17]} 69. Kf7 {[%clk 0:00:11]} 1-0

[Event "Blitz 2018"]
[Site "Saint-Petersburg"]
[Date "2018.12.30"]
[Round "21"]
[Board "86"]
[White "Kabanov Nikolai (RUS)"]
[Black "Makarov Marat (RUS)"]
[Result "1-0"]
[LiveChessVersion "1.4.8"]
[BlackElo "2505"]
[WhiteElo "2311"]

1. e4 {[%clk 0:03:03]} c5 {[%clk 0:03:01]} 2. Nf3 {[%clk 0:03:03]} d6
{[%clk 0:03:02]} 3. d4 {[%clk 0:03:03]} cxd4 {[%clk 0:03:03]} 4. Qxd4
{[%clk 0:03:04]} Nc6 {[%clk 0:03:02]} 5. Bb5 {[%clk 0:03:01]} Bd7
{[%clk 0:03:03]} 6. Qd3 {[%clk 0:03:01]} g6 {[%clk 0:02:55]} 7. c4
{[%clk 0:02:59]} Bg7 {[%clk 0:02:56]} 8. Nc3 {[%clk 0:02:59]} Nf6
{[%clk 0:02:56]} 9. Bg5 {[%clk 0:02:56]} O-O {[%clk 0:02:56]} 10. O-O
{[%clk 0:02:56]} h6 {[%clk 0:02:51]} 11. Bh4 {[%clk 0:02:56]} g5 {[%clk 0:02:52]}
12. Bg3 {[%clk 0:02:57]} Nh5 {[%clk 0:02:51]} 13. Rac1 {[%clk 0:02:31]} Rc8
{[%clk 0:02:52]} 14. b3 {[%clk 0:02:20]} f5 {[%clk 0:01:57]} 15. exf5
{[%clk 0:02:14]} Bxf5 {[%clk 0:01:58]} 16. Qd2 {[%clk 0:02:06]} Nxg3
{[%clk 0:01:49]} 17. hxg3 {[%clk 0:02:04]} Ne5 {[%clk 0:01:47]} 18. Nd4
{[%clk 0:01:49]} Bd7 {[%clk 0:01:43]} 19. Bxd7 {[%clk 0:01:47]} Qxd7
{[%clk 0:01:45]} 20. Rfe1 {[%clk 0:01:42]} a6 {[%clk 0:01:43]} 21. Nd5
{[%clk 0:01:41]} Rce8 {[%clk 0:01:41]} 22. f4 {[%clk 0:01:32]} gxf4
{[%clk 0:01:36]} 23. gxf4 {[%clk 0:01:33]} e6 {[%clk 0:00:22]} 24. fxe5
{[%clk 0:01:05]} dxe5 {[%clk 0:00:23]} 25. Nxe6 {[%clk 0:00:54]} Qxe6
{[%clk 0:00:20]} 26. Re4 {[%clk 0:00:50]} Qg6 {[%clk 0:00:21]} 27. Qe2
{[%clk 0:00:49]} Kh7 {[%clk 0:00:22]} 28. Rd1 {[%clk 0:00:41]} Rf7
{[%clk 0:00:23]} 29. Rg4 {[%clk 0:00:39]} Qe6 {[%clk 0:00:22]} 30. Qe4+
{[%clk 0:00:39]} Kh8 {[%clk 0:00:24]} 31. Rg6 {[%clk 0:00:37]} Qf5
{[%clk 0:00:25]} 32. Qxf5 {[%clk 0:00:30]} Rxf5 {[%clk 0:00:27]} 33. Ne3
{[%clk 0:00:18]} Rf7 {[%clk 0:00:27]} 34. Rgd6 {[%clk 0:00:12]} e4
{[%clk 0:00:28]} 35. Rd7 {[%clk 0:00:13]} Ree7 {[%clk 0:00:29]} 36. Rxe7
{[%clk 0:00:14]} Rxe7 {[%clk 0:00:30]} 37. Kf2 {[%clk 0:00:14]} Kh7
{[%clk 0:00:31]} 38. Ke2 {[%clk 0:00:15]} Be5 {[%clk 0:00:32]} 39. Rd5
{[%clk 0:00:15]} Bf4 {[%clk 0:00:32]} 40. Nf5 {[%clk 0:00:16]} Rf7
{[%clk 0:00:33]} 41. g3 {[%clk 0:00:17]} Bc7 {[%clk 0:00:34]} 42. Ke3
{[%clk 0:00:18]} Bb6+ {[%clk 0:00:33]} 43. Kxe4 {[%clk 0:00:19]} Kg6
{[%clk 0:00:33]} 44. Rd6+ {[%clk 0:00:19]} Rf6 {[%clk 0:00:34]} 45. Ne7+
{[%clk 0:00:20]} Kf7 {[%clk 0:00:35]} 46. Rxf6+ {[%clk 0:00:21]} Kxf6
{[%clk 0:00:34]} 1-0

[Event "Blitz 2018"]
[Site "Saint-Petersburg"]
[Date "2018.12.30"]
[Round "21"]
[Board "93"]
[White "Zaitsev Alexander (RUS)"]
[Black "Perdomo Carlos Andres (COL)"]
[Result "0-1"]
[BlackElo "2301"]
[WhiteElo "2402"]
[LiveChessVersion "1.4.8"]

1. e4 {[%clk 0:03:03]} c5 {[%clk 0:02:35]} 2. Nf3 {[%clk 0:03:03]} e6
{[%clk 0:02:36]} 3. g3 {[%clk 0:03:04]} b6 {[%clk 0:02:35]} 4. Bg2
{[%clk 0:03:04]} Bb7 {[%clk 0:02:36]} 5. Qe2 {[%clk 0:03:02]} d6 {[%clk 0:02:34]}
6. O-O {[%clk 0:02:59]} Nf6 {[%clk 0:02:34]} 7. Nc3 {[%clk 0:02:55]} Be7
{[%clk 0:02:28]} 8. d4 {[%clk 0:02:49]} a6 {[%clk 0:02:03]} 9. e5
{[%clk 0:02:34]} dxe5 {[%clk 0:01:50]} 10. dxe5 {[%clk 0:02:35]} Nd5
{[%clk 0:01:50]} 11. Nxd5 {[%clk 0:02:30]} Bxd5 {[%clk 0:01:49]} 12. Rd1
{[%clk 0:02:17]} Qc7 {[%clk 0:01:50]} 13. c4 {[%clk 0:02:16]} Bc6
{[%clk 0:01:41]} 14. Bg5 {[%clk 0:02:04]} Bxg5 {[%clk 0:01:20]} 15. Nxg5
{[%clk 0:02:04]} Bxg2 {[%clk 0:01:12]} 16. Kxg2 {[%clk 0:02:05]} h6
{[%clk 0:01:11]} 17. Ne4 {[%clk 0:01:19]} O-O {[%clk 0:01:07]} 18. Nd6
{[%clk 0:01:11]} Nc6 {[%clk 0:01:06]} 19. f4 {[%clk 0:01:08]} Rad8
{[%clk 0:01:03]} 20. Qe4 {[%clk 0:01:04]} Nd4 {[%clk 0:00:59]} 21. Rd3
{[%clk 0:01:03]} f6 {[%clk 0:00:51]} 22. Rad1 {[%clk 0:00:51]} fxe5
{[%clk 0:00:50]} 23. fxe5 {[%clk 0:00:52]} b5 {[%clk 0:00:42]} 24. cxb5
{[%clk 0:00:49]} Nxb5 {[%clk 0:00:38]} 25. Nxb5 {[%clk 0:00:41]} axb5
{[%clk 0:00:39]} 26. Rd6 {[%clk 0:00:40]} c4 {[%clk 0:00:29]} 27. a3
{[%clk 0:00:34]} Rde8 {[%clk 0:00:22]} 28. Rd7 {[%clk 0:00:34]} Qc5
{[%clk 0:00:22]} 29. R1d2 {[%clk 0:00:25]} Re7 {[%clk 0:00:18]} 30. Rxe7
{[%clk 0:00:23]} Qxe7 {[%clk 0:00:19]} 31. Rd6 {[%clk 0:00:20]} Qf7
{[%clk 0:00:18]} 32. Qe2 {[%clk 0:00:16]} Qf5 {[%clk 0:00:15]} 33. Rd7
{[%clk 0:00:17]} Rb8 {[%clk 0:00:12]} 34. h4 {[%clk 0:00:06]} b4 {[%clk 0:00:11]}
35. axb4 {[%clk 0:00:07]} Rxb4 {[%clk 0:00:12]} 36. Rd8+ {[%clk 0:00:05]} Kh7
{[%clk 0:00:14]} 37. h5 {[%clk 0:00:04]} Rb3 {[%clk 0:00:14]} 38. Rd4
{[%clk 0:00:04]} Rb4 {[%clk 0:00:07]} 39. Kh2 {[%clk 0:00:05]} Rb5
{[%clk 0:00:07]} 40. Re4 {[%clk 0:00:05]} Rd5 41. g4 Qg5 {[%clk 0:00:09]} 42. Qf3
Rd3 43. Qe2 {[%clk 0:00:07]} Rd2 {[%clk 0:00:11]} 44. Qd1 0-1

[Event "Blitz 2018"]
[Site "Saint-Petersburg"]
[Date "2018.12.30"]
[Round "21"]
[Board "94"]
[White "Zablotsky Sergei (RUS)"]
[Black "Alsulaymi Abdullah M (KSA)"]
[Result "1-0"]
[BlackElo "1833"]
[WhiteElo "2459"]
[LiveChessVersion "1.4.8"]

1. Nf3 Nf6 {[%clk 0:03:01]} 2. g3 {[%clk 0:03:04]} g6 {[%clk 0:03:02]} 3. Bg2 Bg7
4. O-O {[%clk 0:03:04]} O-O {[%clk 0:03:05]} 5. c4 {[%clk 0:03:05]} d6
{[%clk 0:03:06]} 6. Nc3 {[%clk 0:03:06]} Nc6 {[%clk 0:03:05]} 7. Rb1
{[%clk 0:02:53]} Rb8 {[%clk 0:03:06]} 8. b4 {[%clk 0:02:53]} e5 {[%clk 0:02:51]}
9. d3 {[%clk 0:02:49]} Bf5 {[%clk 0:02:37]} 10. b5 {[%clk 0:02:43]} Ne7
{[%clk 0:02:36]} 11. Qa4 {[%clk 0:02:27]} b6 {[%clk 0:02:10]} 12. Nh4
{[%clk 0:02:22]} d5 {[%clk 0:02:03]} 13. Nxf5 {[%clk 0:02:10]} Nxf5
{[%clk 0:02:03]} 14. cxd5 {[%clk 0:02:00]} Nd7 {[%clk 0:01:56]} 15. Ba3
{[%clk 0:01:56]} Re8 {[%clk 0:01:56]} 16. Rfc1 {[%clk 0:01:57]} Nd4
{[%clk 0:01:51]} 17. e3 {[%clk 0:01:55]} Nf5 {[%clk 0:01:39]} 18. Bb4
{[%clk 0:01:47]} Nd6 {[%clk 0:01:27]} 19. Ne4 {[%clk 0:01:45]} Nxe4
{[%clk 0:01:22]} 20. dxe4 {[%clk 0:01:45]} Nf6 {[%clk 0:01:12]} 21. Qxa7
{[%clk 0:01:39]} Ra8 {[%clk 0:01:11]} 22. Qxc7 {[%clk 0:01:39]} Qxc7
{[%clk 0:01:09]} 23. Rxc7 {[%clk 0:01:40]} Rxa2 {[%clk 0:01:08]} 24. h3
{[%clk 0:01:23]} Rea8 {[%clk 0:00:59]} 25. Rb7 {[%clk 0:01:15]} Rc2
{[%clk 0:00:52]} 26. Rxb6 {[%clk 0:01:11]} h5 {[%clk 0:00:53]} 27. Ra6
{[%clk 0:01:09]} Rac8 {[%clk 0:00:36]} 28. Rc6 {[%clk 0:01:09]} Rb8
{[%clk 0:00:35]} 29. Rxc2 Ra8 1-0

[Event "Blitz 2018"]
[Site "Saint-Petersburg"]
[Date "2018.12.30"]
[Round "21"]
[Board "95"]
[White "Masrahi Abdulrahman A (KSA)"]
[Black "Yeritsyan Aram (RUS)"]
[Result "0-1"]
[BlackElo "2191"]
[WhiteElo "1966"]
[LiveChessVersion "1.4.8"]

1. d4 {[%clk 0:03:03]} Nf6 {[%clk 0:03:04]} 2. Bf4 {[%clk 0:03:03]} e6
{[%clk 0:03:04]} 3. e3 {[%clk 0:03:04]} c5 {[%clk 0:03:06]} 4. c3
{[%clk 0:03:06]} cxd4 {[%clk 0:03:06]} 5. exd4 {[%clk 0:03:07]} b6
{[%clk 0:03:07]} 6. Nd2 {[%clk 0:03:07]} Be7 {[%clk 0:03:08]} 7. h3
{[%clk 0:03:04]} O-O {[%clk 0:03:08]} 8. Ngf3 {[%clk 0:03:05]} d6
{[%clk 0:03:10]} 9. Be2 {[%clk 0:03:04]} Ba6 {[%clk 0:03:11]} 10. O-O
{[%clk 0:03:03]} Qc8 {[%clk 0:03:12]} 11. Re1 {[%clk 0:03:00]} Bxe2
{[%clk 0:03:12]} 12. Qxe2 {[%clk 0:02:59]} Qa6 {[%clk 0:03:14]} 13. Nc4
{[%clk 0:02:30]} b5 {[%clk 0:02:52]} 14. Ne3 {[%clk 0:02:26]} Qc6
{[%clk 0:02:34]} 15. Nf5 {[%clk 0:02:14]} Re8 {[%clk 0:02:33]} 16. Nxe7+
{[%clk 0:02:13]} Rxe7 {[%clk 0:02:34]} 17. a3 {[%clk 0:02:10]} Nbd7
{[%clk 0:02:27]} 18. Ng5 {[%clk 0:01:46]} Nd5 {[%clk 0:02:02]} 19. Bd2
{[%clk 0:01:30]} h6 {[%clk 0:01:57]} 20. Ne4 {[%clk 0:01:20]} N7b6
{[%clk 0:01:59]} 21. Rad1 {[%clk 0:01:09]} a5 {[%clk 0:02:00]} 22. Qf3
{[%clk 0:01:06]} Rc8 {[%clk 0:01:55]} 23. Qg3 {[%clk 0:01:04]} Nc4
{[%clk 0:01:10]} 24. Bxh6 {[%clk 0:00:58]} f5 {[%clk 0:01:11]} 25. Ng5
{[%clk 0:00:36]} gxh6 {[%clk 0:01:05]} 26. Nxe6+ {[%clk 0:00:36]} Kh7
{[%clk 0:01:07]} 27. Qh4 {[%clk 0:00:12]} Rce8 {[%clk 0:01:02]} 28. Ng5+
{[%clk 0:00:05]} Kg6 {[%clk 0:01:03]} 29. Rxe7 {[%clk 0:00:04]} Rxe7
{[%clk 0:01:03]} 30. Nf3 {[%clk 0:00:04]} Nf6 {[%clk 0:00:54]} 31. g4
{[%clk 0:00:03]} Qxf3 {[%clk 0:00:48]} 0-1

[Event "Blitz 2018"]
[Site "Saint-Petersburg"]
[Date "2018.12.30"]
[Round "21"]
[Board "96"]
[White "Hirneise Jens (GER)"]
[Black "Khayat Abdullah F (KSA)"]
[Result "1-0"]
[BlackElo "1709"]
[WhiteElo "2363"]
[LiveChessVersion "1.4.8"]

1. d4 {[%clk 0:03:03]} Nf6 {[%clk 0:03:03]} 2. Nf3 {[%clk 0:03:04]} d6
{[%clk 0:03:04]} 3. Nc3 {[%clk 0:03:03]} g6 {[%clk 0:03:05]} 4. e4
{[%clk 0:03:04]} Bg7 {[%clk 0:03:06]} 5. Be3 {[%clk 0:03:05]} O-O
{[%clk 0:03:07]} 6. Qd2 {[%clk 0:03:06]} Nbd7 {[%clk 0:02:56]} 7. O-O-O
{[%clk 0:03:03]} a6 {[%clk 0:02:50]} 8. Bh6 {[%clk 0:02:58]} Bxh6
{[%clk 0:02:35]} 9. Qxh6 {[%clk 0:02:59]} Re8 {[%clk 0:02:15]} 10. Ng5
{[%clk 0:02:45]} Nf8 {[%clk 0:02:16]} 11. f3 {[%clk 0:02:39]} b5 {[%clk 0:02:13]}
12. h4 {[%clk 0:02:22]} b4 {[%clk 0:02:14]} 13. Bc4 {[%clk 0:02:05]} e6
{[%clk 0:02:07]} 14. Ne2 {[%clk 0:02:00]} d5 {[%clk 0:02:03]} 15. exd5
{[%clk 0:01:50]} exd5 {[%clk 0:02:03]} 16. Bd3 {[%clk 0:01:50]} a5 17. h5
{[%clk 0:01:43]} Bf5 {[%clk 0:00:06]} 18. hxg6 {[%clk 0:01:26]} fxg6
{[%clk 0:00:05]} 19. Bxf5 {[%clk 0:01:16]} gxf5 {[%clk 0:00:06]} 20. Ng3
{[%clk 0:01:07]} f4 21. Nf5 {[%clk 0:01:01]} Qd7 {[%clk 0:00:05]} 22. Qxf6
{[%clk 0:00:57]} 1-0

[Event "Blitz 2018"]
[Site "Saint-Petersburg"]
[Date "2018.12.30"]
[Round "21"]
[Board "97"]
[White "Dubrovin Robert (EST)"]
[Black "Al Turky Fahad A (KSA)"]
[Result "1-0"]
[BlackElo "1851"]
[WhiteElo "2176"]
[LiveChessVersion "1.4.8"]

1. d4 {[%clk 0:03:04]} Nf6 2. c4 g6 {[%clk 0:02:58]} 3. Nc3 {[%clk 0:03:07]} Bg7
{[%clk 0:02:59]} 4. e4 {[%clk 0:03:08]} d6 {[%clk 0:03:01]} 5. Nf3
{[%clk 0:03:09]} O-O {[%clk 0:03:01]} 6. Be2 {[%clk 0:03:11]} Nbd7
{[%clk 0:03:00]} 7. O-O {[%clk 0:03:10]} e5 {[%clk 0:03:01]} 8. d5
{[%clk 0:03:11]} a5 {[%clk 0:02:52]} 9. Qc2 {[%clk 0:03:12]} Nc5 {[%clk 0:02:52]}
10. Bg5 {[%clk 0:03:13]} Bg4 {[%clk 0:02:36]} 11. h3 {[%clk 0:03:11]} Bxf3
{[%clk 0:02:32]} 12. Bxf3 {[%clk 0:03:06]} Qd7 {[%clk 0:02:29]} 13. b3
{[%clk 0:03:06]} b6 {[%clk 0:02:18]} 14. a3 Rfe8 {[%clk 0:01:59]} 15. b4
{[%clk 0:03:07]} axb4 {[%clk 0:01:58]} 16. axb4 {[%clk 0:03:09]} Nb7
{[%clk 0:01:46]} 17. Nb5 {[%clk 0:03:04]} Reb8 18. Na7 {[%clk 0:03:04]} Nd8
{[%clk 0:01:15]} 19. Ra2 {[%clk 0:03:05]} h6 {[%clk 0:01:00]} 20. Be3
{[%clk 0:03:03]} Nh7 {[%clk 0:00:45]} 21. Bg4 Qe7 {[%clk 0:00:40]} 22. Rfa1
{[%clk 0:03:05]} Nf6 {[%clk 0:00:35]} 23. Be2 {[%clk 0:03:04]} Nd7
{[%clk 0:00:30]} 24. Nb5 {[%clk 0:02:58]} Rxa2 {[%clk 0:00:27]} 25. Rxa2
{[%clk 0:02:59]} c6 {[%clk 0:00:18]} 26. Nc3 {[%clk 0:02:35]} Nf6
{[%clk 0:00:17]} 27. Ra6 {[%clk 0:02:04]} c5 {[%clk 0:00:14]} 28. b5
{[%clk 0:01:54]} Qb7 {[%clk 0:00:10]} 29. Qa4 {[%clk 0:01:51]} Qc7
{[%clk 0:00:06]} 30. Ra7 {[%clk 0:01:51]} Rb7 {[%clk 0:00:06]} 31. Ra8
{[%clk 0:01:51]} Kh7 {[%clk 0:00:06]} 32. Qa6 {[%clk 0:01:45]} Nd7
{[%clk 0:00:05]} 33. Rxd8 {[%clk 0:01:38]} Ra7 {[%clk 0:00:05]} 34. Qc8
{[%clk 0:01:39]} Ra1+ {[%clk 0:00:03]} 35. Kh2 {[%clk 0:01:40]} Qa7
{[%clk 0:00:04]} 36. Qxd7 {[%clk 0:01:37]} Qa3 {[%clk 0:00:05]} 37. Qxf7
{[%clk 0:01:35]} Qb2 {[%clk 0:00:04]} 38. Qg8# {[%clk 0:01:36]} 1-0

[Event "Blitz 2018"]
[Site "Saint-Petersburg"]
[Date "2018.12.30"]
[Round "21"]
[Board "98"]
[White "Sokolin Leonid (USA)"]
[Black "Al Thebaiti Ahmed M (KSA)"]
[Result "1-0"]
[BlackElo "1976"]
[WhiteElo "2508"]
[LiveChessVersion "1.4.8"]

1. e4 {[%clk 0:03:03]} d5 {[%clk 0:03:02]} 2. exd5 {[%clk 0:03:04]} Nf6
{[%clk 0:03:03]} 3. d4 {[%clk 0:03:06]} Nxd5 {[%clk 0:03:03]} 4. c4
{[%clk 0:03:07]} Nb6 5. Nc3 c6 {[%clk 0:02:40]} 6. h3 {[%clk 0:03:02]} g6
{[%clk 0:02:36]} 7. Nf3 {[%clk 0:03:04]} Bg7 {[%clk 0:02:37]} 8. Be2
{[%clk 0:03:03]} O-O 9. O-O N8d7 {[%clk 0:02:31]} 10. Be3 {[%clk 0:03:03]} e5
{[%clk 0:02:19]} 11. d5 {[%clk 0:02:58]} Re8 {[%clk 0:01:46]} 12. Qb3
{[%clk 0:02:43]} Qe7 {[%clk 0:01:21]} 13. Rfd1 {[%clk 0:02:25]} cxd5
{[%clk 0:01:00]} 14. cxd5 {[%clk 0:02:26]} Bf8 {[%clk 0:00:39]} 15. d6
{[%clk 0:02:16]} Qe6 {[%clk 0:00:39]} 16. Qa3 {[%clk 0:02:08]} Nc4
{[%clk 0:00:28]} 17. Bxc4 {[%clk 0:02:06]} Qxc4 {[%clk 0:00:29]} 18. Nd5
{[%clk 0:02:07]} Re6 {[%clk 0:00:15]} 19. Rac1 {[%clk 0:01:57]} Qe4
{[%clk 0:00:10]} 20. Ng5 {[%clk 0:01:53]} Qh4 {[%clk 0:00:00]} 21. Nxe6
{[%clk 0:01:53]} 1-0